[Event "Canadian op"]
[Site "Laval"]
[Date "2024.07.16"]
[Round "5"]
[White "Zeggelaar, Mike"]
[Black "Chipanga, Takaedza"]
[Result "1/2-1/2"]
[WhiteElo "1855"]
[BlackElo "1940"]
[PlyCount "64"]
[EventDate "2024.07.13"]
[EventType "swiss"]
[EventRounds "9"]
[EventCountry "CAN"]
[SourceTitle "EXT 2025"]
[Source "ChessBase"]
[SourceDate "2024.10.14"]
[SourceVersion "1"]
[SourceVersionDate "2024.10.14"]
[SourceQuality "1"]

1. d4 d5 2. c4 dxc4 3. Nf3 Nf6 4. Nc3 a6 5. e4 b5 6. e5 Nd5 7. a4 Bb7 8. e6 f6 9. Ne4 g6 10. Nc5 Bc8 11. axb5 Qd6 12. Bxc4 Bxe6 13. Qe2 Bf7 14. bxa6 Bg7 15. a7 Nc6 16. 0-0 0-0 17. Re1 Rxa7 18. Rxa7 Nxa7 19. Ne6 Rc8 20. Nxg7 Kxg7 21. Bxd5 Qxd5 22. Qxe7 Nb5 23. Qe3 g5 24. h4 h6 25. hxg5 hxg5 26. Qe4 Qb3 27. Qg4 Re8 28. Rxe8 Bxe8 29. Bxg5 fxg5 30. Nxg5 Bg6 31. Ne6+ Kf6 32. Nf4 Qf7 1/2-1/2

[Event "Canadian op"]
[Site "Laval"]
[Date "2024.07.15"]
[Round "4"]
[White "Chipanga, Takaedza"]
[Black "Yin, Zeming"]
[Result "1/2-1/2"]
[WhiteElo "1940"]
[BlackElo "1832"]
[PlyCount "45"]
[EventDate "2024.07.13"]
[EventType "swiss"]
[EventRounds "9"]
[EventCountry "CAN"]
[SourceTitle "EXT 2025"]
[Source "ChessBase"]
[SourceDate "2024.10.14"]
[SourceVersion "1"]
[SourceVersionDate "2024.10.14"]
[SourceQuality "1"]

1. d4 Nf6 2. c4 e6 3. g3 d5 4. Nf3 Be7 5. Bg2 0-0 6. 0-0 dxc4 7. Qc2 a6 8. a4 Nbd7 9. Qxc4 b5 10. Qc2 Bb7 11. Bf4 c5 12. dxc5 Nxc5 13. axb5 axb5 14. Nc3 b4 15. Rxa8 Qxa8 16. Nb5 Rc8 17. Qb1 Qa6 18. Nbd4 Be4 19. Qa1 Qb7 20. Qa5 Nd5 21. Qb5 Nxf4 22. gxf4 Qxb5 23. Nxb5 1/2-1/2

[Event "Newcastle Northumbria Masters"]
[Site "Newcastle on Tyne"]
[Date "2019.08.24"]
[Round "2"]
[White "Eggleston, David"]
[Black "Chipanga, Takaedza"]
[Result "1-0"]
[WhiteElo "2401"]
[BlackElo "2068"]
[PlyCount "81"]
[EventDate "2019.08.23"]
[EventType "swiss"]
[EventRounds "9"]
[EventCountry "ENG"]
[SourceTitle "EXT 2020"]
[Source "ChessBase"]
[SourceDate "2019.10.17"]
[SourceVersion "1"]
[SourceVersionDate "2019.10.17"]
[SourceQuality "1"]

1. e4 c5 2. Nf3 Nc6 3. Bb5 d6 4. 0-0 Bd7 5. c3 Nf6 6. Re1 a6 7. Bf1 Bg4 8. d3 e6 9. Nbd2 Be7 10. h3 Bh5 11. a3 Nd7 12. Rb1 0-0 13. b4 b5 14. Be2 Bf6 15. d4 Bg6 16. bxc5 dxc5 17. a4 b4 18. cxb4 cxb4 19. Bb2 Ndb8 20. Qb3 a5 21. Qe3 Nd7 22. Nb3 Nb6 23. Nc5 Be7 24. Rec1 Bxc5 25. Rxc5 Na7 26. Ra1 Rc8 27. Ne5 Rxc5 28. dxc5 Nbc8 29. Rd1 Qh4 30. Nxg6 hxg6 31. Rd7 Nc6 32. Bb5 N8a7 33. Kh2 e5 34. g3 Qh5 35. Bc4 g5 36. Kg2 g4 37. h4 Kh8 38. Qg5 Qxg5 39. hxg5 f6 40. g6 Re8 41. Rd1 1-0

[Event "Africa-ch"]
[Site "Oran"]
[Date "2017.07.09"]
[Round "8"]
[White "Chipanga, Takaedza"]
[Black "Moulay, Mehdi"]
[Result "1-0"]
[WhiteElo "2068"]
[BlackElo "2055"]
[PlyCount "63"]
[EventDate "2017.07.02"]
[EventType "swiss"]
[EventRounds "9"]
[EventCountry "ALG"]
[SourceTitle "CBM 179 Extra"]
[Source "ChessBase"]
[SourceDate "2017.08.23"]
[SourceVersion "1"]
[SourceVersionDate "2017.08.23"]
[SourceQuality "1"]

1. d4 Nf6 2. c4 e6 3. g3 Bb4+ 4. Nd2 0-0 5. Bg2 d5 6. Ngf3 dxc4 7. a3 Bxd2+ 8. Bxd2 Nc6 9. e3 Rb8 10. Qc2 b5 11. b3 Bb7 12. bxc4 bxc4 13. 0-0 e5 14. dxe5 Ng4 15. Rab1 Qd3 16. Qxd3 cxd3 17. h3 Ncxe5 18. Rxb7 Rxb7 19. Nxe5 Rb2 20. Nc4 Rc2 21. hxg4 Rxc4 22. Rd1 Rd8 23. g5 Rc2 24. Be4 Ra2 25. Bb4 c5 26. Bxc5 d2 27. Kf1 a5 28. Ke2 Rc8 29. Be7 Re8 30. Bd5 Rb2 31. Bc5 Rd8 32. e4 1-0

[Event "Africa-ch"]
[Site "Oran"]
[Date "2017.07.02"]
[Round "1"]
[White "Chipanga, Takaedza"]
[Black "Hesham, Abdelrahman"]
[Result "0-1"]
[WhiteElo "2068"]
[BlackElo "2385"]
[PlyCount "82"]
[EventDate "2017.07.02"]
[EventType "swiss"]
[EventRounds "9"]
[EventCountry "ALG"]
[SourceTitle "CBM 179 Extra"]
[Source "ChessBase"]
[SourceDate "2017.08.23"]
[SourceVersion "1"]
[SourceVersionDate "2017.08.23"]
[SourceQuality "1"]

1. d4 Nf6 2. c4 g6 3. Nc3 Bg7 4. e4 d6 5. f3 0-0 6. Be3 c5 7. dxc5 dxc5 8. Qxd8 Rxd8 9. Bxc5 Nc6 10. Nd5 e6 11. Ne7+ Nxe7 12. Bxe7 Rd7 13. Ba3 Nh5 14. Rd1 Bd4 15. Nh3 b6 16. g4 Ng7 17. Bd3 e5 18. f4 h5 19. gxh5 Nxh5 20. fxe5 Rd8 21. Nf2 Bxe5 22. Be2 Be6 23. Rxd8+ Rxd8 24. Nd3 Bf6 25. b3 Bc3+ 26. Kf2 Nf6 27. e5 Ne4+ 28. Kg2 Ng5 29. h4 Bf5 30. Rd1 Ne6 31. Kf1 Rd4 32. Be7 Re4 33. Nf2 Rf4 34. Bg5 Nxg5 35. hxg5 Bd4 36. Rxd4 Rxd4 37. a3 Kf8 38. Ke1 Ke7 39. Kf1 Ke6 40. b4 Kxe5 41. Ke1 Kf4 0-1

[Event "Newcastle on Tyne op"]
[Site "Newcastle on Tyne"]
[Date "2017.04.15"]
[Round "2"]
[White "Garnett, John S"]
[Black "Chipanga, Takaedza"]
[Result "1-0"]
[WhiteElo "1973"]
[BlackElo "2095"]
[PlyCount "85"]
[EventDate "2017.04.14"]
[EventType "swiss"]
[EventRounds "5"]
[EventCountry "ENG"]
[SourceTitle "EXT 2018"]
[Source "ChessBase"]
[SourceDate "2017.10.13"]
[SourceVersion "1"]
[SourceVersionDate "2017.10.13"]
[SourceQuality "1"]

1. d4 d5 2. Nf3 Nf6 3. e3 g6 4. c4 Bg7 5. cxd5 Nxd5 6. e4 Nb6 7. a4 a5 8. Bb5+ c6 9. Be2 0-0 10. h3 Na6 11. 0-0 Nb4 12. Nc3 Be6 13. b3 c5 14. Nb5 Bd7 15. Be3 Bc6 16. dxc5 Bxa1 17. Qxa1 Nc2 18. Qc3 Nxe3 19. Qxe3 Nd7 20. Rd1 Qb8 21. Qh6 f6 22. Bc4+ Kh8 23. Nh4 Rg8 24. Bxg8 Qxg8 25. Qe3 Qb8 26. Nf3 Bxb5 27. axb5 Qc7 28. Rc1 Kg7 29. Nd4 Nf8 30. c6 b6 31. Ne2 Rd8 32. Nc3 e6 33. Na4 Rb8 34. Qg3 e5 35. Rd1 Rd8 36. Rxd8 Qxd8 37. Qe3 Qd1+ 38. Kh2 Ne6 39. Nxb6 Nf4 40. c7 Ne2 41. Qxe2 Qxe2 42. c8Q Qxf2 43. Nd5 1-0

[Event "Graz op-A"]
[Site "Graz"]
[Date "2017.02.20"]
[Round "1"]
[White "Nitin, Senthilvel"]
[Black "Chipanga, Takaedza"]
[Result "1-0"]
[WhiteElo "2428"]
[BlackElo "2100"]
[PlyCount "69"]
[EventDate "2017.02.20"]
[EventType "swiss"]
[EventRounds "9"]
[EventCountry "AUT"]
[SourceTitle "CBM 177 Extra"]
[Source "ChessBase"]
[SourceDate "2017.04.27"]
[SourceVersion "1"]
[SourceVersionDate "2017.04.27"]
[SourceQuality "1"]

1. e4 e5 2. Nf3 Nc6 3. Nc3 Nf6 4. Bb5 Bd6 5. d3 a6 6. Bc4 0-0 7. a3 Be7 8. g4 d6 9. h3 Be6 10. g5 Nh5 11. Nd5 Qd7 12. Be3 g6 13. d4 exd4 14. Nxd4 Rae8 15. Nxe7+ Rxe7 16. Be2 Ng7 17. Qd3 Ne5 18. Qc3 b5 19. 0-0-0 c5 20. Nxe6 Qxe6 21. Kb1 Rb8 22. f4 Nc6 23. Bc1 b4 24. axb4 Nxb4 25. Bc4 Qxe4 26. Rhe1 Qb7 27. Rxd6 Nf5 28. Rf6 Rf8 29. h4 Nd4 30. h5 Rxe1 31. Qxe1 Nbxc2 32. Rxf7 Nxe1 33. Rxb7+ Kh8 34. b4 gxh5 35. bxc5 1-0

[Event "Quebec-ch op"]
[Site "Montreal"]
[Date "2016.07.24"]
[Round "3"]
[White "Chipanga, Takaedza"]
[Black "Lebeau, Gilbert"]
[Result "0-1"]
[WhiteElo "2125"]
[BlackElo "1993"]
[PlyCount "134"]
[EventDate "2016.07.23"]
[EventType "swiss"]
[EventRounds "8"]
[EventCountry "CAN"]
[SourceTitle "CBM 173 Extra"]
[Source "ChessBase"]
[SourceDate "2016.08.29"]
[SourceVersion "1"]
[SourceVersionDate "2016.08.29"]
[SourceQuality "1"]

1. d4 d5 2. c4 c6 3. Nf3 Nf6 4. Nc3 dxc4 5. a4 Bf5 6. e3 e6 7. Bxc4 Bb4 8. 0-0 0-0 9. Qe2 Nbd7 10. e4 Bg4 11. Rd1 Qa5 12. e5 Nd5 13. Nxd5 cxd5 14. Bd3 Be7 15. Bd2 Qd8 16. h3 Bh5 17. a5 Nb8 18. Rdc1 a6 19. Bc3 Nc6 20. Ra4 Rc8 21. Rca1 Bg6 22. Ne1 Bxd3 23. Nxd3 Na7 24. Qg4 Nb5 25. Bd2 Kh8 26. Nf4 Rc2 27. Bc1 Qc8 28. Qd1 Qc6 29. Nd3 Rc8 30. Be3 f6 31. exf6 gxf6 32. Qh5 Qe8 33. Qf3 Qf7 34. Rb1 Bd6 35. Raa1 Qg6 36. Qd1 R2c4 37. Ne1 Qe4 38. Nf3 Bb4 39. Kf1 R8c6 40. Kg1 Kg7 41. Rc1 Rc2 42. Rcb1 Bd6 43. Ne1 R2c4 44. Qh5 Qg6 45. Qd1 Rc8 46. Rc1 Bb4 47. Nd3 Rxc1 48. Rxc1 Rxc1 49. Bxc1 Bxa5 50. Nf4 Qf5 51. g4 Qe4 52. Be3 Bb6 53. Ne2 Qf3 54. Qf1 Kf7 55. Qb1 Kg8 56. Qc2 Bc7 57. Nc3 Qxh3 58. Nxb5 Bh2+ 59. Kh1 Bf4+ 60. Kg1 Qxg4+ 61. Kf1 axb5 62. Qc8+ Kg7 63. Qd7+ Kh6 64. Qf7 Bxe3 65. Qxf6+ Qg6 66. Qh4+ Kg7 67. Qe7+ Qf7 0-1

[Event "Quebec-ch op"]
[Site "Montreal"]
[Date "2016.07.23"]
[Round "1"]
[White "Chipanga, Takaedza"]
[Black "Vorobev, Alexander1"]
[Result "1/2-1/2"]
[WhiteElo "2125"]
[BlackElo "2211"]
[PlyCount "92"]
[EventDate "2016.07.23"]
[EventType "swiss"]
[EventRounds "8"]
[EventCountry "CAN"]
[SourceTitle "CBM 173 Extra"]
[Source "ChessBase"]
[SourceDate "2016.08.29"]
[SourceVersion "1"]
[SourceVersionDate "2016.08.29"]
[SourceQuality "1"]

1. d4 d5 2. c4 e6 3. Nf3 Nf6 4. Nc3 Be7 5. g3 0-0 6. Bg2 dxc4 7. Ne5 Nbd7 8. Nxc4 c5 9. 0-0 cxd4 10. Qxd4 Bc5 11. Qd1 Qe7 12. Na4 Rb8 13. Nxc5 Qxc5 14. b3 b5 15. Be3 Qh5 16. Nd6 Ng4 17. h3 Nxe3 18. fxe3 Nf6 19. Qd4 e5 20. Qh4 Qxh4 21. gxh4 Be6 22. e4 Rfd8 23. Rfd1 g6 24. Rd3 Nh5 25. e3 Kf8 26. Rad1 Ke7 27. a4 a6 28. axb5 axb5 29. Kf2 Bxb3 30. Rxb3 Rxd6 31. Rdb1 Rd2+ 32. Kg1 Rc8 33. Rxb5 Rcc2 34. Rxe5+ Kf6 35. Rg5 h6 36. Rg4 Kg7 37. e5 Rc5 38. e6 Nf6 39. Rg3 fxe6 40. Bf3 Rcc2 41. h5 g5 42. h4 Rc5 43. Kh1 Nd7 44. Rbg1 Rcc2 45. Bg2 Rc5 46. Bf3 Rcc2 1/2-1/2

[Event "BCF-chT1d 1213 (4NCL) Demotion pool"]
[Site "England"]
[Date "2013.05.05"]
[Round "10.171"]
[White "Ghasi, Ameet K"]
[Black "Chipanga, Takaedza"]
[Result "1-0"]
[WhiteElo "2434"]
[BlackElo "2140"]
[PlyCount "57"]
[EventDate "2012.11.03"]
[EventType "team-tourn"]
[EventRounds "4"]
[EventCountry "ENG"]
[SourceTitle "EXT 2014"]
[Source "ChessBase"]
[SourceDate "2013.11.20"]
[SourceVersion "1"]
[SourceVersionDate "2013.11.20"]
[SourceQuality "1"]
[WhiteTeam "Warwicks Select"]
[BlackTeam "Sambuca Sharks"]
[WhiteTeamCountry "ENG"]
[BlackTeamCountry "ENG"]

1. Nf3 Nf6 2. g3 d5 3. Bg2 c6 4. 0-0 Bg4 5. b3 Nbd7 6. Bb2 Bxf3 7. Bxf3 e5 8. c4 dxc4 9. bxc4 Bd6 10. Nc3 0-0 11. e3 Qe7 12. d4 e4 13. Bg2 h5 14. f3 exf3 15. Qxf3 c5 16. Nb5 Rae8 17. Nxd6 Qxd6 18. Rad1 Qa6 19. dxc5 Qxc4 20. Bd4 Rb8 21. Rb1 Rfd8 22. Rfc1 Qxa2 23. Rxb7 Qa3 24. Ra1 Qd3 25. c6 Rxb7 26. cxb7 Nb8 27. Bxa7 Nfd7 28. Rd1 Qb5 29. Qd5 1-0

[Event "BCF-chT1d 1213 (4NCL) Demotion pool"]
[Site "England"]
[Date "2013.05.04"]
[Round "9.171"]
[White "Chipanga, Takaedza"]
[Black "Speelman, Jonathan S"]
[Result "0-1"]
[WhiteElo "2140"]
[BlackElo "2508"]
[PlyCount "68"]
[EventDate "2012.11.03"]
[EventType "team-tourn"]
[EventRounds "4"]
[EventCountry "ENG"]
[SourceTitle "EXT 2014"]
[Source "ChessBase"]
[SourceDate "2013.11.20"]
[SourceVersion "1"]
[SourceVersionDate "2013.11.20"]
[SourceQuality "1"]
[WhiteTeam "Sambuca Sharks"]
[BlackTeam "Wood Green Hilsmark II"]
[WhiteTeamCountry "ENG"]
[BlackTeamCountry "ENG"]

1. d4 e6 2. c4 b6 3. Nf3 Bb7 4. g3 Bb4+ 5. Nbd2 c5 6. dxc5 Bxc5 7. Bg2 Nf6 8. 0-0 0-0 9. a3 a5 10. b3 Nc6 11. e4 d5 12. exd5 exd5 13. Bb2 d4 14. Ne1 Re8 15. Nd3 Qd7 16. b4 axb4 17. axb4 Rxa1 18. Bxa1 Nxb4 19. Nxb4 Bxg2 20. Kxg2 Bxb4 21. Nf3 Bc5 22. Re1 Rxe1 23. Qxe1 Qa4 24. Nxd4 Qxc4 25. Nf3 Ne4 26. Bd4 Qd5 27. Bxc5 bxc5 28. Kg1 h6 29. Qb1 Nc3 30. Qb8+ Kh7 31. Kg2 f6 32. h4 Ne2 33. Qb1+ f5 34. g4 Nd4 0-1

[Event "BCF-chT3 1112 (4NCL)"]
[Site "England"]
[Date "2012.05.06"]
[Round "10.135"]
[White "Pedersen, Carsten"]
[Black "Chipanga, Takaedza"]
[Result "0-1"]
[WhiteElo "2134"]
[BlackElo "2140"]
[PlyCount "63"]
[EventDate "2011.11.12"]
[EventType "team-swiss"]
[EventRounds "11"]
[EventCountry "ENG"]
[SourceTitle "EXT 2013"]
[Source "ChessBase"]
[SourceDate "2012.11.22"]
[SourceVersion "1"]
[SourceVersionDate "2012.11.22"]
[SourceQuality "1"]
[WhiteTeam "Celtic Tigers"]
[BlackTeam "Leeds University Old Boys"]
[WhiteTeamCountry "ENG"]
[BlackTeamCountry "ENG"]

1. e4 e5 2. Nf3 Nc6 3. Bc4 Bc5 4. 0-0 Nf6 5. d4 Bxd4 6. Nxd4 Nxd4 7. f4 d6 8. fxe5 dxe5 9. Bg5 Be6 10. Na3 Qe7 11. Bxf6 gxf6 12. c3 Nc6 13. Kh1 0-0 14. Qf3 Rad8 15. Qe3 Bxc4 16. Nxc4 Qe6 17. Qe2 Kh8 18. Ne3 Ne7 19. Ng4 Ng6 20. g3 Rd6 21. Rxf6 Qe7 22. Rf5 Rfd8 23. Raf1 Rd2 24. Qe3 Rd1 25. Qh6 Rxf1+ 26. Rxf1 Rd6 27. Qe3 Qd7 28. Nh6 f6 29. Nf5 Rd1 30. Rxd1 Qxd1+ 31. Kg2 Qg4 32. Qd2 0-1

[Event "BCF-chT3 0506 (4NCL)"]
[Site "Birmingham"]
[Date "2006.04.29"]
[Round "9.5"]
[White "Day, Thomas W"]
[Black "Chipanga, Takaedza"]
[Result "1/2-1/2"]
[WhiteElo "2097"]
[BlackElo "2193"]
[PlyCount "111"]
[EventDate "2005.10.22"]
[EventType "team-tourn"]
[EventRounds "11"]
[EventCountry "ENG"]
[SourceTitle "EXT 2007"]
[Source "ChessBase"]
[SourceDate "2006.11.23"]
[SourceVersion "1"]
[SourceVersionDate "2006.11.23"]
[SourceQuality "1"]
[WhiteTeam "Poisoned Pawns II"]
[BlackTeam "Hilsmark Kingfisher II"]
[WhiteTeamCountry "ENG"]
[BlackTeamCountry "ENG"]

1. d4 d5 2. c4 e6 3. Nc3 Nf6 4. Bg5 Be7 5. Nf3 h6 6. Bh4 0-0 7. e3 b6 8. Rc1 Bb7 9. cxd5 Nxd5 10. Bxe7 Qxe7 11. Bd3 Rc8 12. 0-0 Nd7 13. Nxd5 exd5 14. Bf5 g6 15. Bxd7 Qxd7 16. Ne5 Qf5 17. g4 Qf6 18. f4 c5 19. Qf3 Rc7 20. g5 hxg5 21. Ng4 Qe7 22. f5 Rc6 23. f6 Qe4 24. Qh3 Bc8 25. Rf4 Bxg4 26. Rxg4 Qd3 27. Rf1 cxd4 28. Rxd4 Qe2 29. Rxd5 Re8 30. Rxg5 Qxe3+ 31. Qxe3 Rxe3 32. Rd5 Re2 33. Rd8+ Kh7 34. Rd7 Rcc2 35. Rxf7+ Kh6 36. Rd1 Rg2+ 37. Kh1 Rxh2+ 38. Kg1 Rcg2+ 39. Kf1 Rxb2 40. Kg1 Rbg2+ 41. Kf1 Rxa2 42. Kg1 Rag2+ 43. Kf1 Rg5 44. Rdd7 Rf5+ 45. Kg1 Rhh5 46. Rxa7 Rhg5+ 47. Kh2 Rg4 48. Rh7+ Kg5 49. f7 Rgf4 50. Rg7 Rf2+ 51. Kg1 Rf1+ 52. Kg2 b5 53. Ra6 R5f2+ 54. Kg3 Rf3+ 55. Kg2 R1f2+ 56. Kg1 1/2-1/2

[Event "BCF-chT3 0506 (4NCL)"]
[Site "Birmingham"]
[Date "2006.03.05"]
[Round "8.4"]
[White "Chipanga, Takaedza"]
[Black "Muter, Donny"]
[Result "0-1"]
[WhiteElo "2223"]
[BlackElo "2082"]
[PlyCount "146"]
[EventDate "2005.10.22"]
[EventType "team-tourn"]
[EventRounds "11"]
[EventCountry "ENG"]
[SourceTitle "EXT 2007"]
[Source "ChessBase"]
[SourceDate "2006.11.23"]
[SourceVersion "1"]
[SourceVersionDate "2006.11.23"]
[SourceQuality "1"]
[WhiteTeam "Hilsmark Kingfisher II"]
[BlackTeam "Slough Sharks III"]
[WhiteTeamCountry "ENG"]
[BlackTeamCountry "ENG"]

1. d4 d6 2. c4 e5 3. Nc3 Nd7 4. Nf3 c6 5. e4 Be7 6. Be2 Ngf6 7. 0-0 0-0 8. Qc2 a6 9. Rd1 Qc7 10. Bg5 Re8 11. Rac1 Nf8 12. h3 N6d7 13. Be3 Ne6 14. d5 Nef8 15. b4 c5 16. a3 Qb8 17. Rb1 cxb4 18. axb4 a5 19. Nb5 axb4 20. Rxb4 Nc5 21. Rdb1 g6 22. g4 Nfd7 23. Nd2 Na6 24. R4b2 Ndc5 25. Kh2 Bd7 26. Nf1 Qd8 27. Ng3 Bxb5 28. cxb5 Nb8 29. b6 Nbd7 30. Bb5 Rc8 31. Qd2 Bh4 32. f3 Kh8 33. Nf1 Rg8 34. Be2 Ra8 35. Bb5 Rc8 36. Bxd7 Qxd7 37. Rc1 Na6 38. Rbc2 Be7 39. Ng3 Rxc2 40. Rxc2 Rc8 41. Qc1 Rxc2+ 42. Qxc2 Qd8 43. Qc3 Kg8 44. Ne2 Nc5 45. Bxc5 dxc5 46. Kg2 Qd6 47. Qa5 Bd8 48. Qb5 Bxb6 49. Qe8+ Kg7 50. Nc3 c4 51. g5 Bd4 52. Nb5 Qb4 53. Nxd4 Qd2+ 54. Kf1 Qxd4 55. Qe7 Qd1+ 56. Kf2 Qd2+ 57. Kf1 Qf4 58. d6 c3 59. d7 c2 60. Qf6+ Qxf6 61. gxf6+ Kh6 62. d8Q c1Q+ 63. Kg2 Kg5 64. Qe7 Kf4 65. Qd7 h5 66. Qxf7 Qc2+ 67. Kg1 Qd1+ 68. Kh2 Qe2+ 69. Kg1 Qe1+ 70. Kg2 Qg3+ 71. Kf1 Qxf3+ 72. Kg1 Qe3+ 73. Kf1 Kf3 0-1

[Event "Hastings Masters op 81st"]
[Site "Hastings"]
[Date "2006.01.06"]
[Round "10"]
[White "Chipanga, Takaedza"]
[Black "Briscoe, Christopher"]
[Result "0-1"]
[WhiteElo "2189"]
[BlackElo "2151"]
[PlyCount "86"]
[EventDate "2005.12.28"]
[EventType "swiss"]
[EventRounds "10"]
[EventCountry "ENG"]
[SourceTitle "CBM 110 Extra"]
[Source "ChessBase"]
[SourceDate "2006.03.10"]
[SourceVersion "2"]
[SourceVersionDate "2006.03.10"]
[SourceQuality "1"]

1. d4 Nf6 2. c4 e6 3. Nf3 Bb4+ 4. Nbd2 b6 5. a3 Bxd2+ 6. Bxd2 Bb7 7. Bg5 d6 8. e3 Nbd7 9. Nd2 c5 10. b4 Qe7 11. f3 h6 12. Bh4 0-0 13. Bd3 d5 14. bxc5 bxc5 15. 0-0 Rac8 16. Kh1 Rc6 17. e4 cxd4 18. exd5 exd5 19. cxd5 Rd6 20. Re1 Qd8 21. Nc4 Rxd5 22. Be4 Rh5 23. Bxf6 Nxf6 24. Bxb7 Qc7 25. f4 Qxb7 26. Qxd4 Ng4 27. Kg1 Rxh2 28. Ra2 Qb3 29. Qd1 Rh1+ 30. Kxh1 Qxa2 31. Qxg4 Qxc4 32. Kh2 a5 33. Re3 a4 34. Rg3 Qd4 35. f5 Rd8 36. Qh5 Qe5 37. Kh3 Rd4 38. Rg4 Rd3+ 39. g3 Qd5 40. Rxg7+ Kxg7 41. f6+ Kxf6 42. Qxh6+ Ke7 43. Qf6+ Kxf6 0-1

[Event "Hastings Masters op 81st"]
[Site "Hastings"]
[Date "2005.12.30"]
[Round "3"]
[White "Strand, Haakon"]
[Black "Chipanga, Takaedza"]
[Result "1/2-1/2"]
[WhiteElo "1986"]
[BlackElo "2189"]
[PlyCount "102"]
[EventDate "2005.12.28"]
[EventType "swiss"]
[EventRounds "10"]
[EventCountry "ENG"]
[SourceTitle "CBM 110 Extra"]
[Source "ChessBase"]
[SourceDate "2006.03.10"]
[SourceVersion "2"]
[SourceVersionDate "2006.03.10"]
[SourceQuality "1"]

1. e4 c5 2. Nc3 Nc6 3. f4 d6 4. Nf3 g6 5. Bc4 Bg7 6. 0-0 e6 7. d3 Nge7 8. Qe1 h6 9. a4 a6 10. Kh1 Nd4 11. Nxd4 cxd4 12. Ne2 d5 13. Bb3 dxe4 14. dxe4 0-0 15. Ng1 b6 16. Nf3 Bb7 17. Bd2 a5 18. Bc4 Rc8 19. Bd3 Re8 20. Qh4 f5 21. exf5 exf5 22. Rae1 Nd5 23. Qxd8 Rcxd8 24. b3 Ne3 25. Rf2 Rc8 26. Rfe2 Be4 27. Bxe3 Bxd3 28. cxd3 Rxe3 29. Rxe3 dxe3 30. Rxe3 Rc1+ 31. Re1 Rc3 32. d4 Rxb3 33. h3 Rb4 34. Re6 Kf7 35. d5 Rxa4 36. Ne5+ Bxe5 37. fxe5 Rd4 38. Rd6 Ke7 39. Rxb6 Rxd5 40. Rxg6 Rxe5 41. Rxh6 Re2 42. Ra6 Ra2 43. Kg1 a4 44. g3 a3 45. h4 Kf7 46. Kh1 Ra1+ 47. Kh2 Kg7 48. Kg2 Kf7 49. Kh2 Ra2+ 50. Kh1 Ra1+ 51. Kh2 Kg7 1/2-1/2

[Event "Hastings Masters op 81st"]
[Site "Hastings"]
[Date "2005.12.28"]
[Round "1"]
[White "Chipanga, Takaedza"]
[Black "Gunnarsson, Jon Viktor"]
[Result "0-1"]
[WhiteElo "2189"]
[BlackElo "2411"]
[PlyCount "90"]
[EventDate "2005.12.28"]
[EventType "swiss"]
[EventRounds "10"]
[EventCountry "ENG"]
[SourceTitle "CBM 110 Extra"]
[Source "ChessBase"]
[SourceDate "2006.03.10"]
[SourceVersion "2"]
[SourceVersionDate "2006.03.10"]
[SourceQuality "1"]

1. d4 g6 2. c4 Bg7 3. Nc3 c5 4. Nf3 Nf6 5. e4 d6 6. Be2 0-0 7. 0-0 Nc6 8. d5 Na5 9. Rb1 a6 10. b4 cxb4 11. Rxb4 Qc7 12. Be3 b5 13. Bd4 Nxc4 14. Bxc4 bxc4 15. Bb6 Qd7 16. Rxc4 Qb7 17. Qb1 Bd7 18. Rc7 Qb8 19. Ba5 Qxb1 20. Rxb1 Rab8 21. Rxb8 Rxb8 22. h3 Rc8 23. Ra7 Be8 24. Rxa6 Nh5 25. e5 dxe5 26. Ra7 f5 27. Rxe7 e4 28. d6 exf3 29. Rxe8+ Rxe8 30. d7 Ra8 31. Nd5 Nf4 32. Ne7+ Kf7 33. d8Q Rxd8 34. Bxd8 Ke8 35. Nc6 Kd7 36. Bg5 Ne2+ 37. Kf1 fxg2+ 38. Kxg2 Kxc6 39. h4 Nc3 40. a3 Bf8 41. h5 Bxa3 42. hxg6 hxg6 43. f3 Nd5 44. Kh3 Be7 45. Kh4 Kd7 0-1